000 00747nam0a2200265 4500
001 RU\NLR\ONL2\10266
005 20250613130838.0
035 _a(NLR Aleph) 009657855
090 _a9598909
_c9598909
100 _a20080722d2007 |||y0rusy50 ca
101 0 _abua
102 _aRU
105 _ay |||||||||
200 1 _aБургэд
_fДаша-Дабаа Мункоев
210 _aУлаан-Удэ
_cБ. и.
_d2007
215 _a190 с.
_d20
541 1 _aБургэд
_zrus
686 1 _aШ6(2=Бу)7-4
700 1 _aМункоев
_bД. -Д. Ж.
_gДаша-Дабаа Жалсараевич
_4070
801 0 _aRU
_bNLR
_c20080722
_gPSBO
852 _aNLR
_bОНЛ
_jБур./2-1896
942 _cBOOK
980 _aNB
980 _aONL_RF